| 000 -LEADER |
| fixed length control field |
01145nam a22003377a 4500 |
| 001 - CONTROL NUMBER |
| control field |
17433013 |
| 003 - CONTROL NUMBER IDENTIFIER |
| control field |
OSt |
| 005 - DATE AND TIME OF LATEST TRANSACTION |
| control field |
20210419082332.0 |
| 008 - FIXED-LENGTH DATA ELEMENTS--GENERAL INFORMATION |
| fixed length control field |
120816s1975 mau bf 001 0 eng |
| 010 ## - LIBRARY OF CONGRESS CONTROL NUMBER |
| LC control number |
75014877 |
| Canceled/invalid LC control number |
75001487 |
| 020 ## - INTERNATIONAL STANDARD BOOK NUMBER |
| International Standard Book Number |
0316782203 |
| 040 ## - CATALOGING SOURCE |
| Original cataloging agency |
DLC |
| Transcribing agency |
DLC |
| Modifying agency |
DLC |
| Language of cataloging |
eng |
| 041 ## - LANGUAGE CODE |
| Language code of text/sound track or separate title |
eng |
| 050 00 - LIBRARY OF CONGRESS CALL NUMBER |
| Classification number |
RC483 |
| Item number |
.M26 |
| 080 ## - UNIVERSAL DECIMAL CLASSIFICATION NUMBER |
| Universal Decimal Classification number |
616.89 |
| Item number |
S-53 |
| 082 00 - DEWEY DECIMAL CLASSIFICATION NUMBER |
| Classification number |
616.8/918 |
| 100 ## - MAIN ENTRY--PERSONAL NAME |
| 9 (RLIN) |
1206 |
| Personal name |
Shader, I. Richard |
| Relator term |
Editor |
| 245 00 - TITLE STATEMENT |
| Title |
Manual of psychiatric therapeutics |
| Remainder of title |
practical psychopharmacology and psychiatry / |
| Statement of responsibility, etc. |
/ by: Little, Brown, and Company |
| 250 ## - EDITION STATEMENT |
| Edition statement |
1st edition |
| 260 ## - PUBLICATION, DISTRIBUTION, ETC. |
| Place of publication, distribution, etc. |
Boston |
| Name of publisher, distributor, etc. |
Little, Brown, and Company |
| Date of publication, distribution, etc. |
1975. |
| 300 ## - PHYSICAL DESCRIPTION |
| Extent |
xiii, 362 p. |
| Dimensions |
22 cm. |
| 490 0# - SERIES STATEMENT |
| Series statement |
Little, Brown's paperback book series |
| 504 ## - BIBLIOGRAPHY, ETC. NOTE |
| Bibliography, etc. note |
Includes bibliographies and index. |
| 650 #0 - SUBJECT ADDED ENTRY--TOPICAL TERM |
| Topical term or geographic name entry element |
Mental illness |
| General subdivision |
Chemotherapy |
| Form subdivision |
Handbooks, manuals, etc. |
| 650 #0 - SUBJECT ADDED ENTRY--TOPICAL TERM |
| Topical term or geographic name entry element |
Psychiatry |
| 9 (RLIN) |
131 |
| 650 #0 - SUBJECT ADDED ENTRY--TOPICAL TERM |
| Topical term or geographic name entry element |
Mental illness |
| General subdivision |
Treatment |
| Form subdivision |
Handbooks, manuals, etc. |
| 653 ## - INDEX TERM--UNCONTROLLED |
| Uncontrolled term |
ფსიქიატრია |
| 700 1# - ADDED ENTRY--PERSONAL NAME |
| Personal name |
Shader, Richard I., |
| Dates associated with a name |
1935- |
| Relator term |
Editor |
| 906 ## - LOCAL DATA ELEMENT F, LDF (RLIN) |
| a |
7 |
| b |
cbc |
| c |
orignew |
| d |
2 |
| e |
ocip |
| f |
19 |
| g |
y-gencatlg |
| 942 ## - ADDED ENTRY ELEMENTS (KOHA) |
| Source of classification or shelving scheme |
|
| Koha item type |
Books |
| Edition |
1 |